| 000 -LEADER |
| fixed length control field |
03383cam a2200313 a 4500 |
| 003 - CONTROL NUMBER IDENTIFIER |
| control field |
OSt |
| 005 - DATE AND TIME OF LATEST TRANSACTION |
| control field |
20200811163332.0 |
| 008 - FIXED-LENGTH DATA ELEMENTS--GENERAL INFORMATION |
| fixed length control field |
110621s2011 enkab b 001 0 eng |
| 010 ## - LIBRARY OF CONGRESS CONTROL NUMBER |
| LC control number |
2011026304 |
| 020 ## - INTERNATIONAL STANDARD BOOK NUMBER |
| International Standard Book Number |
9780521516495 |
| 042 ## - AUTHENTICATION CODE |
| Authentication code |
pcc |
| 050 00 - LIBRARY OF CONGRESS CALL NUMBER |
| Classification number |
QC993.7 |
| Item number |
.N53 2011 |
| 082 00 - DEWEY DECIMAL CLASSIFICATION NUMBER |
| Classification number |
551.65 |
| Edition number |
23 |
| 084 ## - OTHER CLASSIFICATION NUMBER |
| Classification number |
SCI042000 |
| Source of number |
bisacsh |
| 100 1# - MAIN ENTRY--PERSONAL NAME |
| Personal name |
Nicholson, Sharon E. |
| 245 10 - TITLE STATEMENT |
| Title |
Dryland climatology / |
| Statement of responsibility, etc |
Sharon E. Nicholson. |
| 260 ## - PUBLICATION, DISTRIBUTION, ETC. (IMPRINT) |
| Place of publication, distribution, etc |
Cambridge ; |
| -- |
New York : |
| Name of publisher, distributor, etc |
Cambridge University Press, |
| Date of publication, distribution, etc |
2011. |
| 300 ## - PHYSICAL DESCRIPTION |
| Extent |
xii, 516 p. : |
| Other physical details |
ill., maps ; |
| Dimensions |
29 cm. |
| 504 ## - BIBLIOGRAPHY, ETC. NOTE |
| Bibliography, etc |
Includes bibliographical references and index. |
| 505 8# - FORMATTED CONTENTS NOTE |
| Formatted contents note |
Machine generated contents note: Preface; Acknowledgements; Part I. The Dryland Environment:1. Introduction to dryland environments; 2. The geomorphologic background; 3. Vegetation of the dryland regions; Part II. The Meteorological Background: 4. The general atmospheric circulation; 5. The global distribution of arid climates and rainfall; 6. Radiation, heat and surface exchange processes; 7. Water balance; 8. Evaporation; Part III. The Climatic Environment of Drylands: 9. Defining aridity: the classification and character of dryland climates; 10. Desert microclimate; 11. Precipitation in the drylands; 12. Hydrologic processes in the drylands; 13. Desert winds and dust; Part IV. The Earth's Dry Lands: 14. North America; 15. South America; 16. Subsaharan Africa; 17. The Mediterranean lands; 18. Australia; 19. Asia; 20. Coastal deserts; Part V. Life and Change in the Dryland Regions: 21. Drought and other hazards; 22. Desertification; 23. People in the dryland environments; 24. Plant and animal life in the desert; 25. Climatic variability and climatic change; Index. |
| 520 ## - SUMMARY, ETC. |
| Summary, etc |
"A comprehensive review of dryland climates and their relationship to the physical environment, hydrology, and inhabitants. Chapters are divided into four major sections on background meteorology and climatology; the nature of dryland climates in relation to precipitation and hydrology; the climatology and climate dynamics of the major dryland regions on each continent; and an extensive review of long-term climate variability in the world's drylands. It includes key topics such as vegetation, geomorphology, desertification, micro-habitats, and adaptation to dryland environments. This interdisciplinary volume provides an extensive review of the primary literature (covering over 2500 references) and the conventional and satellite datasets that form key research tools for dryland climatology. Illustrated with over 100 photographs, it presents a unique view of dryland climates for a broad spectrum of researchers, environmental professionals and advanced students in climatology, meteorology, geography, environment science, earth system science, ecology, hydrology and geomorphology"-- |
| 650 #0 - SUBJECT ADDED ENTRY--TOPICAL TERM |
| Topical term or geographic name as entry element |
Arid regions climate. |
| 650 #7 - SUBJECT ADDED ENTRY--TOPICAL TERM |
| Topical term or geographic name as entry element |
SCIENCE / Earth Sciences / Meteorology & Climatology. |
| Source of heading or term |
bisacsh |
| 856 42 - ELECTRONIC LOCATION AND ACCESS |
| Materials specified |
Cover image |
| Uniform Resource Identifier |
<a href="http://assets.cambridge.org/97805215/16495/cover/9780521516495.jpg">http://assets.cambridge.org/97805215/16495/cover/9780521516495.jpg</a> |
| 856 42 - ELECTRONIC LOCATION AND ACCESS |
| Materials specified |
Contributor biographical information |
| Uniform Resource Identifier |
<a href="http://www.loc.gov/catdir/enhancements/fy1113/2011026304-b.html">http://www.loc.gov/catdir/enhancements/fy1113/2011026304-b.html</a> |
| 856 42 - ELECTRONIC LOCATION AND ACCESS |
| Materials specified |
Publisher description |
| Uniform Resource Identifier |
<a href="http://www.loc.gov/catdir/enhancements/fy1113/2011026304-d.html">http://www.loc.gov/catdir/enhancements/fy1113/2011026304-d.html</a> |
| 856 41 - ELECTRONIC LOCATION AND ACCESS |
| Materials specified |
Table of contents only |
| Uniform Resource Identifier |
<a href="http://www.loc.gov/catdir/enhancements/fy1113/2011026304-t.html">http://www.loc.gov/catdir/enhancements/fy1113/2011026304-t.html</a> |
| 942 ## - ADDED ENTRY ELEMENTS (KOHA) |
| Source of classification or shelving scheme |
|